Historiske personer fra opplysningstiden (Bilder) - Statistics

General Stats
  • This quiz has been taken 120 times
  • The average score is 10 of 19
Answer Stats
Picture Hint Answer % Correct
Liberalismens far, fremmet parlamentarisk styre i England, 1689 John Locke
87%
USAs første president, 1789-98 George Washington
71%
Ung general som ble keiser av Frankrike, 1804-14, men tapte til slutt Napoleon
71%
Skrev Uavhengighetserklæringen, 1776 Thomas Jefferson
71%
Fremmet borgerrettigheter som ytrings- og religionsfrihet Voltaire
71%
Ble Frankrikes første eneveldige konge, "solkongen" i 1661 Louis XIV (Ludvig 14.)
68%
Maktfordelings-prinsippet Montesquieu
66%
Ideologen bak den sosialistiske arbeiderbevegelsen Karl Marx
63%
Kongen av Frankrike under den franske revolusjonen i 1789 Louis XVI (Ludvig 16.)
63%
Storbritannias dronning, 1837-1901 Queen Victoria
63%
Folkesuverenitets-prinsippet Rousseau
61%
Oppfinner som utviklet en effektiv dampmaskin, 1775 James Watt
42%
Skrev "Det kommunistiske manifest" i 1848 med den forrige Friedrich Engels
39%
Ikke-adelig diktator av Frankrike under skrekkveldet, 1793-94 Maximilien Robespierre
39%
Rivalen til den forrige Nikola Tesla
39%
Kansler av Preussen som samlet Tyskland i 1871 Otto von Bismarck
37%
Oppfinner fra den 2. industrielle revolusjonen Thomas Edison
29%
Ingeniør som bygde jernbaner og dampskip Isambard Kingdom Brunel
21%
Businesspartneren til den forrige Matthew Boulton
18%
No matching quizzes found
Score Distribution
Percent of People with Each Score
Percentile by Number Answered
Your Score History
You have not taken this quiz